|
|
|
|
| LEADER |
00000nam0a2200000 4500 |
| 001 |
349325 |
| 005 |
20231102010206.0 |
| 035 |
|
|
|a (RuTPU)RU\TPU\retro\1454
|
| 090 |
|
|
|a 349325
|
| 100 |
|
|
|a 20180503d1949 km y0rusy50 ca
|
| 101 |
1 |
|
|a rus
|c eng
|
| 102 |
|
|
|a RU
|
| 105 |
|
|
|a a z 001zy
|
| 200 |
1 |
|
|a Внутреннее строение Земли
|d Internal constitution of the earth
|e пер. с англ.
|f Л. Адамс [и др.]
|g под ред. Б. Гутенберга ; авт. предисл. Е. Ф. Саваренский, П. Н. Кропоткин
|
| 210 |
|
|
|a Москва
|c Изд-во иностранной литературы
|d 1949
|
| 215 |
|
|
|a 417 с.
|c ил.
|
| 320 |
|
|
|a Библиография в конце глав
|
| 320 |
|
|
|a Предметный указатель: с. 405-414
|
| 510 |
1 |
|
|a Internal constitution of the earth
|z eng
|
| 606 |
1 |
|
|a Земля
|x Строение внутреннее
|2 stltpush
|3 (RuTPU)RU\TPU\subj\11739
|9 38646
|
| 610 |
1 |
|
|a геологические наблюдения
|
| 610 |
1 |
|
|a породы
|
| 610 |
1 |
|
|a свойства
|
| 610 |
1 |
|
|a земная кора
|
| 610 |
1 |
|
|a внутренние части
|
| 610 |
1 |
|
|a температурные наблюдения
|
| 610 |
1 |
|
|a остывание
|
| 610 |
1 |
|
|a внутренняя температура
|
| 610 |
1 |
|
|a сейсмические данные
|
| 610 |
1 |
|
|a глубокие землетрясения
|
| 610 |
1 |
|
|a континенты
|
| 610 |
1 |
|
|a океаны
|
| 610 |
1 |
|
|a плотность
|
| 610 |
1 |
|
|a сила тяжести
|
| 610 |
1 |
|
|a давление
|
| 610 |
1 |
|
|a эллиптичность
|
| 610 |
1 |
|
|a упругость
|
| 610 |
1 |
|
|a вязкость
|
| 610 |
1 |
|
|a прочность
|
| 610 |
1 |
|
|a трение
|
| 675 |
|
|
|a 551.1
|v 4
|
| 701 |
|
1 |
|a Адамс
|b Л.
|
| 701 |
|
1 |
|a Ван Орстранд
|b К.
|
| 701 |
|
1 |
|a Вашингтон
|b Г.
|
| 701 |
|
1 |
|a Дели
|b Р.
|
| 701 |
|
1 |
|a Гутенберг
|b Б.
|
| 702 |
|
1 |
|a Гутенберг
|b Б.
|4 340
|
| 702 |
|
1 |
|a Саваренский
|b Е. Ф.
|4 080
|
| 702 |
|
1 |
|a Кропоткин
|b П. Н.
|4 080
|
| 801 |
|
1 |
|a RU
|b 63413507
|c 20180503
|
| 801 |
|
2 |
|a RU
|b 63413507
|c 20180511
|g RCR
|
| 942 |
|
|
|c BK
|